|
|
|
|
| LEADER |
00000naa2a2200000 4500 |
| 001 |
632506 |
| 005 |
20240219155539.0 |
| 035 |
|
|
|a (RuTPU)RU\TPU\conf\34214
|
| 035 |
|
|
|a RU\TPU\conf\34213
|
| 090 |
|
|
|a 632506
|
| 100 |
|
|
|a 20201209d2020 k y0rusy50 ca
|
| 101 |
0 |
|
|a rus
|
| 102 |
|
|
|a RU
|
| 105 |
|
|
|a y z 101zy
|
| 135 |
|
|
|a drgn ---uucaa
|
| 181 |
|
0 |
|a i
|
| 182 |
|
0 |
|a b
|
| 200 |
1 |
|
|a Язык будущего и трансгуманизм
|f Ю. В. Кобенко
|
| 203 |
|
|
|a Текст
|c электронный
|
| 225 |
1 |
|
|a Лингвистика нового тысячелетия: исследовательские подходы и тенденции
|
| 300 |
|
|
|a Заглавие с экрана
|
| 320 |
|
|
|a [Библиогр.: с. 42 (4 назв.)]
|
| 330 |
|
|
|a В статье обсуждаются вопросы происхождения языка в контексте решения популяцией homo трансгуманистических задач, критически осмысляется постструктуралистский подход к описанию языковой эволюции, даётся лингвоантропологический анализ глоттогенеза, прогнозируется будущее языка.
|
| 463 |
|
0 |
|0 (RuTPU)RU\TPU\conf\34197
|t Язык. Общество. Образование
|o сборник научных трудов Международной научно-практической конференции "Лингвистические и культурологические аспекты современного инженерного образования", Томск, 10-12 ноября 2020 г.
|f Национальный исследовательский Томский политехнический университет (ТПУ) ; под ред. Ю. В. Кобенко
|v [С. 36-42]
|d 2020
|
| 610 |
1 |
|
|a электронный ресурс
|
| 610 |
1 |
|
|a труды учёных ТПУ
|
| 610 |
1 |
|
|a трансгуманизм
|
| 610 |
1 |
|
|a происхождение
|
| 610 |
1 |
|
|a языки
|
| 610 |
1 |
|
|a будущее
|
| 610 |
1 |
|
|a языковая эволюция
|
| 610 |
1 |
|
|a глоттогенез
|
| 610 |
1 |
|
|a среда обитания
|
| 700 |
|
1 |
|a Кобенко
|b Ю. В.
|c лингвист
|c профессор Томского политехнического университета, доктор филологических наук
|f 1977-
|g Юрий Викторович
|3 (RuTPU)RU\TPU\pers\24747
|9 10988
|
| 712 |
0 |
2 |
|a Национальный исследовательский Томский политехнический университет
|b Школа базовой инженерной подготовки
|b Отделение иностранных языков
|3 (RuTPU)RU\TPU\col\23510
|
| 801 |
|
2 |
|a RU
|b 63413507
|c 20201215
|g RCR
|
| 856 |
4 |
|
|u http://earchive.tpu.ru/handle/11683/64121
|
| 942 |
|
|
|c BK
|